| 000 | 00368pab a2200157 454500 | ||
|---|---|---|---|
| 008 | 180718b2004 xxu||||| |||| 00| 0 eng d | ||
| 100 | _aBanerjee, Sarda | ||
| 245 | _aSustainable tea plantation management | ||
| 260 | _c2004 | ||
| 300 | _ap.34-68. | ||
| 362 | _aJan-Mar | ||
| 650 | _aTea | ||
| 700 | _aBanerjee, G.D. | ||
| 773 | _aIASSI Quarterly | ||
| 909 | _a63039 | ||
| 999 |
_c63039 _d63039 |
||